000 00522nam a22001817a 4500
999 _c196655
_d196655
005 20230816112832.0
010 _aENG-137480
020 _c100.00
035 _aEN-121012
037 _bDBAD/PUB
082 _a881
100 _aSWAIN,PRAKASH KUMAR
245 _aThe Untired Heart /
_cby Prakash Kumar Swain
260 _aBhubaneswar
_bSarala Swain
_c2008
270 _aPlot No-530 (Meera Mahal), Shree Vihar, P.O.:Patia
_bBhubaneswar-31
300 _a56p. :
_c22cm(Hb)
942 _2ddc
_cEN
_mSWA
_h881